Paris : (Record no. 140605)
[ view plain ]
| 000 -LEADER | |
|---|---|
| fixed length control field | 00918nam a2200277 a 4500 |
| 001 - CONTROL NUMBER | |
| control field | vtls003222913 |
| 003 - CONTROL NUMBER IDENTIFIER | |
| control field | MY-SjTCS |
| 005 - DATE AND TIME OF LATEST TRANSACTION | |
| control field | 20200226114935.0 |
| 008 - FIXED-LENGTH DATA ELEMENTS--GENERAL INFORMATION | |
| fixed length control field | 110820s2011 at ab 001 0 eng d |
| 020 ## - INTERNATIONAL STANDARD BOOK NUMBER | |
| International Standard Book Number | 9781741794557 (pbk.) |
| 020 ## - INTERNATIONAL STANDARD BOOK NUMBER | |
| International Standard Book Number | 1741794552 (pbk.) |
| 039 #9 - LEVEL OF BIBLIOGRAPHIC CONTROL AND CODING DETAIL [OBSOLETE] | |
| Level of rules in bibliographic description | 201202141148 |
| Level of effort used to assign nonsubject heading access points | wilmina |
| Level of effort used to assign subject headings | 201202021256 |
| Level of effort used to assign classification | izani |
| -- | 201108201053 |
| -- | malathy |
| 082 04 - DEWEY DECIMAL CLASSIFICATION NUMBER | |
| Classification number | 914.4360484 |
| Item number | FAL 2011 |
| 100 1# - MAIN ENTRY--PERSONAL NAME | |
| Personal name | Fallon, Stephen. |
| 9 (RLIN) | 37184 |
| 245 10 - TITLE STATEMENT | |
| Title | Paris : |
| Remainder of title | city guide / |
| Statement of responsibility, etc. | Steve Fallon, Chris Pitts, Nicola Williams. |
| 250 ## - EDITION STATEMENT | |
| Edition statement | 8th ed. |
| 260 ## - PUBLICATION, DISTRIBUTION, ETC. | |
| Place of publication, distribution, etc. | Footscray, Vic. : |
| Name of publisher, distributor, etc. | Lonely Planet, |
| Date of publication, distribution, etc. | 2011. |
| 300 ## - PHYSICAL DESCRIPTION | |
| Extent | 432 p. : |
| Other physical details | ill. (some col.), maps ; |
| Dimensions | 20 cm. + |
| Accompanying material | 1 pull-out map. |
| 490 1# - SERIES STATEMENT | |
| Series statement | City guide |
| 500 ## - GENERAL NOTE | |
| General note | Includes index. |
| 651 #0 - SUBJECT ADDED ENTRY--GEOGRAPHIC NAME | |
| Geographic name | Paris (France) |
| Form subdivision | Guidebooks. |
| 9 (RLIN) | 31442 |
| 700 1# - ADDED ENTRY--PERSONAL NAME | |
| Personal name | Pitts, Chris. |
| 9 (RLIN) | 59181 |
| 700 1# - ADDED ENTRY--PERSONAL NAME | |
| Personal name | Williams, Nicola. |
| 830 #0 - SERIES ADDED ENTRY--UNIFORM TITLE | |
| Uniform title | Lonely Planet city guide. |
| 9 (RLIN) | 22359 |
| 920 ## - Programme | |
| Programme | SHT : 171444 |
| Withdrawn status | Lost status | Source of classification or shelving scheme | Damaged status | Not for loan | Home library | Current library | Date acquired | Cost, normal purchase price | Total Checkouts | Barcode | Date last seen | Date last checked out | Copy number | Uniform Resource Identifier | Cost, replacement price | Koha item type | Public note |
|---|---|---|---|---|---|---|---|---|---|---|---|---|---|---|---|---|---|
| Dewey Decimal Classification | Taylor's Library-TU | Taylor's Library-TU | 29/11/2011 | 78.00 | 6 | 5000126604 | 05/12/2019 | 24/08/2015 | 1 | Floor 4, Shelf 36 , Side 2, TierNo 4, BayNo 1 | 78.00 | Main Collection | SHTEx,30010,02,CL |